| 000 | 00507nam a2200181Ia 4500 | ||
|---|---|---|---|
| 999 |
_c21814 _d21814 |
||
| 003 | OSt | ||
| 005 | 20200708095218.0 | ||
| 008 | 190216s9999||||xx |||||||||||||| ||und|| | ||
| 020 | _a9781845112059 | ||
| 040 | _coclc | ||
| 082 |
_a956.70443 _bROG/I |
||
| 100 |
_aRogers, Paul _93640 |
||
| 245 | 0 |
_aIraq And The War On Terror / _cPaul Rogers |
|
| 260 |
_bI.B.Tauris, _c2006. _aLondon: |
||
| 300 | _a184p | ||
| 650 | _aHistory | ||
| 942 |
_cBK _2ddc _h956.70443 _iROG/I _k956.70443 _mROG/I |
||